[Event "Petroff Mem Open"]
[Site "St Petersburg RUS"]
[Date "2000.02.15"]
[Round "8"]
[White "Frolov,D"]
[Black "Chernyshov,K"]
[Result "1/2-1/2"]
[WhiteElo "2428"]
[BlackElo "2544"]

1.e4 g6 2.d4 Bg7 3.Nc3 c6 4.Nf3 d5 5.h3 dxe4 6.Nxe4 Nd7 7.Bc4 Ndf6 8.Neg5 Nd5
9.O-O Ngf6 10.Re1 O-O 11.c3 Bf5 12.Ne5 Ne8 13.Ngf3 Nd6 14.Bb3 Nc7 15.a4 Kh8
16.a5 f6 17.Nd3 Be4 18.Qe2 Re8 19.Nc5 Bd5 20.Bxd5 cxd5 21.Bf4 Rc8 22.a6 b6
23.Ne6 Qd7 24.Nxc7 Rxc7 25.Qe6 Ne4 26.Qxd7 Rxd7 27.c4 e6 28.cxd5 exd5 29.Rac1 g5
30.Bh2 Bf8 31.Rc6 Kg7 32.Re2 Kf7 33.Ne1 Bd6 34.Nc2 Re6 35.Bxd6 Rexd6 36.Rc8 Rd8
37.Rc7+ R6d7 38.Rc6 Rd6 39.Rc7+ R6d7 40.Rc6 Rd6 41.Rc7+  1/2-1/2

[Event "WIM"]
[Site "Hammershoj, Jutland DEN"]
[Date "2000.02.18"]
[Round "7"]
[White "Jackova,J"]
[Black "Steffensen,E"]
[Result "1-0"]
[WhiteElo "2303"]
[BlackElo "2075"]

1.e4 g6 2.d4 Bg7 3.Nc3 c6 4.Nf3 d5 5.Bd3 dxe4 6.Nxe4 Bf5 7.c3 Bxe4 8.Bxe4 Nf6
9.Bc2 Nbd7 10.Qe2 Qa5 11.O-O e6 12.Bf4 O-O 13.a4 Rfe8 14.b4 Qd8 15.Rfe1 Nd5
16.Bg5 Qc7 17.Qd2 e5 18.c4 N5b6 19.Bb3 e4 20.Bf4 Qd8 21.Ng5 c5 22.dxc5 Nxc5
23.Qxd8 Raxd8 24.bxc5 Bxa1 25.cxb6 Bc3 26.Rc1 Bd2 27.Bxd2 Rxd2 28.c5 Kg7
29.bxa7 Ra8 30.Nxe4 Rb2 31.Bc4 Rb4 32.Nd6 Rxa4 33.Nb5 Rc8 34.Bf1 Kf6 35.Nd6 Ra8
36.Nxb7 R4xa7 37.c6 Ke7 38.Re1+ Kf8 39.Nd6 Rc7 40.Rc1 Ke7 41.Nb5 Rcc8 42.g3 Rab8
43.Re1+ Kf8 44.c7 Rb6 45.Rc1 Rb7 46.Rc5 Ke7 47.Bg2  1-0

[Event "WIM"]
[Site "Hammershoj, Jutland DEN"]
[Date "2000.02.20"]
[Round "9"]
[White "Sikorova,O"]
[Black "Steffensen,E"]
[Result "1/2-1/2"]
[WhiteElo "2195"]
[BlackElo "2075"]

1.e4 g6 2.d4 Bg7 3.Nc3 c6 4.Be3 d5 5.exd5 cxd5 6.Nf3 Nc6 7.Bb5 a6 8.Ba4 b5
9.Bb3 e6 10.Qd2 Bb7 11.h4 h5 12.Bg5 Qd7 13.O-O-O Nge7 14.Qf4 f6 15.Rhe1 fxg5
16.Nxg5 Rf8 17.Qe3 Bh6 18.Rd2 Bxg5 19.Qxg5 O-O-O 20.f3 Nf5 21.Qxg6 Nfxd4
22.Qxh5 Qf7 23.Qg4 Qf4 24.Qh3 Ba8 25.Nd1  1/2-1/2

[Event "8th Valle d'Aosta Open"]
[Site "Saint Vincent ITA"]
[Date "2000.02.20"]
[Round "9"]
[White "Galkin,A"]
[Black "Chatalbashev,B"]
[Result "1/2-1/2"]
[WhiteElo "2566"]
[BlackElo "2522"]

1.e4 g6 2.d4 Bg7 3.Nc3 c6 4.Be3 d5 5.e5 f6 6.f4 Qb6 7.Na4 Qc7 8.Be2 Nh6 9.Nf3 Bg4
10.h3 Bxf3 11.Bxf3 Nd7 12.Qd3 Nf5 13.Bf2 fxe5 14.fxe5 O-O 15.O-O e6 16.b4 a5
17.Nc5 Rae8 18.g3 Nb6 19.bxa5 Nc4 20.g4 Nxd4 21.Bxd4 Nxe5 22.Bxe5 Qxe5 23.Rad1 Qc7
24.Bg2 Rxf1+ 25.Rxf1 Qxa5 26.Qe3 Qa7 27.Kh1 b5 28.Re1 e5 29.g5 Kh8 30.Qc3 e4
31.Qb4 Qe7  1/2-1/2

[Event "Open"]
[Site "Cannes FRA"]
[Date "2000.02.21"]
[Round "2"]
[White "Bjarnason,O"]
[Black "Vasilescu,V2"]
[Result "1-0"]
[WhiteElo "2218"]
[BlackElo "2115"]

1.Nc3 g6 2.d4 c6 3.e4 Bg7 4.f4 d5 5.e5 h5 6.Nf3 Bg4 7.Be2 Nh6 8.Be3 e6 9.g3 Bf8
10.h3 Bxf3 11.Bxf3 Nf5 12.Bf2 Bb4 13.O-O Bxc3 14.bxc3 Nd7 15.Kg2 Qa5 16.Qe1 Nb6
17.g4 Ne7 18.a4 Nxa4 19.Qb1 b5 20.Be1 Qc7 21.Be2 a6 22.Qb4 c5 23.dxc5 Qxc5
24.Rxa4 Qxb4 25.Rxb4 Nc6 26.Rb1 hxg4 27.hxg4 Kd7 28.Bf3 Ne7 29.Rh1 Kc6 30.Bf2 Rxh1
31.Kxh1 Nc8 32.Kg2 Nb6 33.Bxb6 Kxb6 34.Be2 Rc8 35.Rb3 Rc5 36.Kf2 Rc8 37.Bd3 Kc5
38.Rb1 Rh8 39.Kg2 Kb6 40.c4 dxc4 41.Bxc4 Kc5 42.Bd3 Kd4 43.Ra1 Ke3 44.Kg3 Rh7
45.Ra3 b4 46.Rb3 Kd2 47.Rxb4 Rh1 48.Ra4 Ke3 49.Re4+  1-0

[Event "Open"]
[Site "Cannes FRA"]
[Date "2000.02.25"]
[Round "6"]
[White "Gachet,S"]
[Black "Acher,M"]
[Result "0-1"]
[WhiteElo "2070"]
[BlackElo "2254"]

1.e4 g6 2.d4 Bg7 3.Nc3 c6 4.Nf3 d6 5.Bc4 b5 6.Bb3 Nf6 7.a3 O-O 8.O-O Qc7
9.h3 Nbd7 10.Re1 e5 11.d5 Bb7 12.Be3 a6 13.dxc6 Bxc6 14.Nd5 Bxd5 15.Bxd5 Nxd5
16.exd5 Rac8 17.c3 h6 18.a4 Qc4 19.Rc1 bxa4 20.Ra1 Nf6 21.Rxa4 Qb5 22.Qa1 Nxd5
23.Rxa6 Nxe3 24.Rxe3 Qd5 25.Qa3 Rfd8 26.Re1 e4 27.Nh2 Qd3 28.Ra7 d5 29.Qe7 Rf8
30.Ng4 Qd2 31.Re3 Rc6 32.Qb7 Re6 33.Ra5 Qc1+ 34.Kh2 h5 35.Rxd5 hxg4 36.hxg4 Be5+
37.g3 Kg7  0-1

[Event "Wah Seong IM"]
[Site "Penang MAS"]
[Date "2000.03.04"]
[Round "8"]
[White "Wong Zi Jing"]
[Black "Mok Tze Meng"]
[Result "0-1"]
[WhiteElo "2324"]
[BlackElo "2270"]

1.e4 g6 2.d4 Bg7 3.Nc3 c6 4.f4 d5 5.e5 h5 6.Nf3 Bg4 7.h3 Bxf3 8.Qxf3 e6 9.Be3 h4
10.Bd3 Nh6 11.O-O Nf5 12.Bf2 Nd7 13.Ne2 Bf8 14.b3 Ba3 15.b4 Bxb4 16.Rab1 Qa5
17.Bxf5 gxf5 18.Qb3 Be7 19.Qxb7 Qd8 20.Qxc6 Rc8 21.Qa4 Rc4 22.Qxa7 Rxc2 23.Rfc1 Qc8
24.Rxc2 Qxc2 25.Rb8+ Nxb8 26.Qxb8+ Bd8 27.Qb5+ Kf8 28.Qc5+ Qxc5 29.dxc5 Kg7
30.Nd4 Ba5 31.c6 Rc8 32.a4 Bd2 33.Bxh4 Bxf4 34.Bf6+ Kg6 35.Kf2 Bd2 36.Be7 Bc3
37.Bc5 Bxd4+ 38.Bxd4 Rxc6 39.a5 Rc4 40.Bb6 Ra4 41.Kf3 f6 42.exf6 Kxf6 43.h4 e5
44.Bd8+ Kg6 45.Bc7 Ra3+ 46.Kf2 e4 47.g3 d4 48.Bb6 Ra2+ 49.Kf1 d3 50.Ke1 e3  0-1

[Event "Ciocaltea Mem"]
[Site "Bucharest ROM"]
[Date "2000.03.16"]
[Round "4"]
[White "Vajda,L"]
[Black "Svetushkin,D"]
[Result "1-0"]
[WhiteElo "2459"]
[BlackElo "2486"]

1.e4 g6 2.d4 Bg7 3.Nc3 c6 4.Nf3 d5 5.h3 dxe4 6.Nxe4 Bf5 7.Ng3 Be6 8.Be2 Nf6
9.O-O O-O 10.c4 b5 11.b3 h6 12.Be3 Nbd7 13.cxb5 cxb5 14.Bxb5 Nd5 15.Qd2 Nxe3
16.fxe3 Qb8 17.Bxd7 Bxd7 18.Ne4 Bc6 19.Nc5 Qd6 20.Rac1 Rad8 21.Qb2 Ba8 22.b4 Bxf3
23.Rxf3 Rb8 24.Qb3 e6 25.a3 Rfc8 26.Rcf1 Rc7 27.Qc4 Rbc8 28.R3f2 Qg3 29.Qb3 Qd6
30.a4 Rb8 31.b5 a6 32.Rb1 axb5 33.axb5 Rb6 34.Na4 Rb8 35.b6 Rcb7 36.Qb5 Bf8
37.Rb3 Be7 38.Rf1 Kg7 39.Rfb1 Bd8 40.Qc5 Qd7 41.Qe5+ f6 42.Qa5 Qd6 43.Qc5 Qd7
44.Qc4 Kf7 45.Nc5  1-0

[Event "NED-chT"]
[Site "Leeuwarden NED"]
[Date "2000.03.18"]
[Round "5"]
[White "Deegens,V"]
[Black "Van der Wiel,J"]
[Result "0-1"]
[WhiteElo "2313"]
[BlackElo "2558"]

1.e4 g6 2.d4 Bg7 3.Nc3 c6 4.Bc4 d6 5.Qf3 e6 6.Nge2 b5 7.Bd3 a6 8.a4 Bb7 9.O-O Nd7
10.Qg3 e5 11.dxe5 dxe5 12.f4 Ngf6 13.fxe5 Nh5 14.Qf2 Nxe5 15.g4 Nf6 16.h3 O-O
17.Qg3 Nfd7 18.Be3 b4 19.Na2 c5 20.Nf4 Qe7 21.Nd5 Bxd5 22.exd5 Nxd3 23.cxd3 Bxb2
24.Rae1 Qe5 25.Qxe5 Bxe5 26.Bxc5 Nxc5 27.Rxe5 a5 28.d6 Nxa4 29.Rf4 Rfe8 30.Rd5 Red8
31.Rfd4 Rd7 32.Rb5 Kg7 33.Rdd5 Nc3 34.Nxc3 bxc3 35.Rbc5 a4 36.Rxc3 a3 37.Rc1 a2
38.Ra1 Rb7  0-1

[Event "NED-chT"]
[Site "Leeuwarden NED"]
[Date "2000.03.19"]
[Round "6"]
[White "Van der Vorm,T"]
[Black "Ree,H"]
[Result "0-1"]
[WhiteElo "2372"]
[BlackElo "2417"]

1.e4 g6 2.d4 Bg7 3.Nc3 c6 4.Be3 d5 5.Qd2 dxe4 6.Nxe4 Nd7 7.Nf3 Ngf6 8.Nxf6+ Nxf6
9.Bc4 Ne4 10.Qb4 a5 11.Qb3 O-O 12.c3 b5 13.Be2 Bf5 14.O-O a4 15.Qb4 Qc7 16.Rfc1 Rfb8
17.Bd1 Be6 18.g3 Rb7 19.b3 a3 20.Ne1 Nf6 21.Bf3 Bd5 22.Bf4 Qd7 23.Be5 Bf8
24.c4 bxc4 25.Qd2 cxb3 26.axb3 Rxb3 27.Bxd5 cxd5 28.Nd3 Qf5 29.Nc5 Rb2 30.Qe1 Ng4
31.Bf4 Nxf2  0-1

[Event "Extraliga CZE"]
[Site "Ostrava CZE"]
[Date "2000.03.19"]
[Round "11"]
[White "Sosna,J"]
[Black "Karlik,V"]
[Result "1-0"]
[WhiteElo "2374"]
[BlackElo "2324"]

1.e4 g6 2.d4 Bg7 3.Nc3 c6 4.Nf3 d6 5.Bc4 Nf6 6.Qe2 O-O 7.e5 dxe5 8.dxe5 Nd5
9.Bd2 Bg4 10.h3 Bxf3 11.gxf3 e6 12.h4 Nd7 13.f4 b5 14.Nxd5 exd5 15.Bd3 Nc5
16.h5 Nxd3+ 17.Qxd3 Qd7 18.O-O-O c5 19.Rdg1 d4 20.f5 Bxe5 21.hxg6 fxg6 22.fxg6 Rxf2
23.Qe4 Re8 24.gxh7+  1-0

[Event "Ciocaltea Mem"]
[Site "Bucharest ROM"]
[Date "2000.03.21"]
[Round "8"]
[White "Apicella,M"]
[Black "Iordachescu,V"]
[Result "1/2-1/2"]
[WhiteElo "2509"]
[BlackElo "2560"]

1.e4 g6 2.d4 Bg7 3.Nc3 c6 4.f4 d5 5.e5 Nh6 6.Be2 f6 7.Nf3 Bg4 8.Be3 e6 9.O-O Nd7
10.h3 Nf5 11.Bf2 Bxf3 12.Bxf3 fxe5 13.fxe5 c5 14.Nb5 O-O 15.c3 a6 16.Nd6 Nxd6
17.exd6 cxd4 18.Bxd4 Rc8 19.Bxg7 Kxg7 20.Qd4+ Nf6 21.Rae1 Qxd6 22.Bg4 Rce8
23.Re5 Kg8 24.Rfe1 Nxg4 25.hxg4 Re7 26.a3 Rc8 27.Qe3 Rc6 28.g5 Qd8 29.Kh1 Rd6
30.Qh3 Qf8 31.Qg3 Rc6 32.R5e3 Qe8 33.Qe5 Rc4 34.Qxd5 exd5 35.Rxe7 Qf8 36.Re8 Rh4+
37.Kg1 d4 38.Rxf8+ Kxf8 39.cxd4 Rxd4 40.Re6 Rd1+ 41.Kh2 Rd5  1/2-1/2

[Event "21st Open A"]
[Site "Bled SLO"]
[Date "2000.03.25"]
[Round "1"]
[White "Sermek,D"]
[Black "Jovanic,O"]
[Result "1/2-1/2"]
[WhiteElo "2517"]
[BlackElo "2332"]

1.e4 g6 2.d4 Bg7 3.Nc3 c6 4.h3 d6 5.g3 Nf6 6.Bg2 O-O 7.Nge2 e5 8.a4 b6 9.O-O Bb7
10.f4 exd4 11.Nxd4 Re8 12.g4 a6 13.Nde2 b5 14.Ng3 b4 15.Nb1 c5 16.Nd2 Ra7
17.g5 Nfd7 18.a5 Nf8 19.Nc4 Bc6 20.Kh1 Bb5 21.Nxd6 Bxf1 22.Nxf1 Rd7 23.e5  1/2-1/2

[Event "ch-LTU"]
[Site "Vilnius LTU"]
[Date "2000.03.25"]
[Round "1"]
[White "Godlauskas,K"]
[Black "Gavrikov,Vi"]
[Result "0-1"]
[WhiteElo "2225"]
[BlackElo "2563"]

1.e4 g6 2.d4 Bg7 3.Nc3 c6 4.f4 d5 5.e5 Nh6 6.Nf3 f6 7.Bd3 Bg4 8.h3 Bxf3 9.Qxf3 O-O
10.exf6 Bxf6 11.Ne2 Nd7 12.O-O e6 13.b3 Bg7 14.Ba3 Rf7 15.c4 Nb6 16.Rad1 Nf5
17.Kh1 Qh4 18.g4 Nxd4 19.Nxd4 Bxd4 20.Qg2 c5 21.f5 gxf5 22.Rf4 Rg7 23.Rxd4 cxd4
24.Bb2 Rxg4  0-1

[Event "Ciocaltea Mem"]
[Site "Bucharest ROM"]
[Date "2000.03.26"]
[Round "12"]
[White "Szabo,G ROM"]
[Black "Iordachescu,V"]
[Result "0-1"]
[WhiteElo "2399"]
[BlackElo "2560"]

1.e4 g6 2.d4 Bg7 3.Nc3 c6 4.Nf3 d6 5.Be3 Qb6 6.Rb1 Nf6 7.Qd2 O-O 8.h3 Nbd7
9.Bd3 Qc7 10.O-O e5 11.Bh6 Nh5 12.Ne2 Re8 13.g4 Nhf6 14.Ng3 Nf8 15.Rbe1 Ne6
16.Bc4 Kh8 17.Bxe6 Bxe6 18.b3 Bxh6 19.Qxh6 Ng8 20.Qd2 f6 21.c4 Rad8 22.Qb2 Qg7
23.c5 dxc5 24.dxe5 c4 25.exf6 Nxf6 26.e5 Nd5 27.bxc4 Nf4 28.Re4 Qh6 29.Qc1 Rf8
30.h4 Nh3+ 31.Kg2 Qxc1 32.Rxc1 Nf4+ 33.Kg1 Bxg4 34.Ng5 Rde8 35.e6 Rf6 36.Rce1 h6
37.f3 Bxe6 38.Rxf4 Rxf4 39.Rxe6 Rxe6 40.Nxe6 Rxf3 41.Ne2 Ra3 42.Kf2 a5 43.Nd8 Rxa2
44.Nxb7 a4 45.Ke3 a3 46.Na5 Rb2 47.Nc1 Kg7 48.Nxc6 Rc2  0-1

[Event "21st Open A"]
[Site "Bled SLO"]
[Date "2000.03.29"]
[Round "5"]
[White "Pavasovic,D"]
[Black "Loncar,R"]
[Result "1-0"]
[WhiteElo "2544"]
[BlackElo "2406"]

1.e4 g6 2.d4 Bg7 3.Nc3 c6 4.Be3 Qb6 5.Rb1 d6 6.Qd2 Nf6 7.h3 O-O 8.Bd3 Qc7
9.Bh6 e5 10.Bxg7 Kxg7 11.Nf3 Qe7 12.O-O Nh5 13.Rfe1 Qf6 14.Qe3 Nf4 15.Bf1 Re8
16.b4 Nd7 17.d5 cxd5 18.exd5 Nb6 19.Ne4 Qd8 20.c4 Bf5 21.Nfd2 Bxe4 22.Nxe4 f5
23.Nd2 Nd7 24.Nb3 b6 25.a4 a5 26.bxa5 bxa5 27.c5 Nxd5 28.Qd2 N7f6 29.Bb5 Re6
30.Bc6 Nf4 31.Bxa8 Qxa8 32.f3 dxc5 33.Nxc5 Re7 34.Qd6 Qe8 35.Rb8 Qf7 36.Rxe5 Rxe5
37.Qxe5 Qc4 38.Qxf4 Qxc5+ 39.Kh2 Nh5 40.Rb7+ Kf6 41.Qc7  1-0

[Event "ch-LTU"]
[Site "Vilnius LTU"]
[Date "2000.03.31"]
[Round "7"]
[White "Stasiunaite,L"]
[Black "Rumiancev,B"]
[Result "1/2-1/2"]
[WhiteElo "2158"]
[BlackElo "2284"]

1.e4 g6 2.d4 Bg7 3.Nc3 c6 4.Be3 d5 5.f3 Be6 6.Qd2 Nd7 7.Nge2 Nb6 8.Nf4 Bc8
9.Rd1 dxe4 10.Nxe4 Nf6 11.Nxf6+ Bxf6 12.c3 Bf5 13.Bd3 Bxd3 14.Qxd3 O-O 15.O-O Nd5
16.Rfe1 Qb6 17.Nxd5 cxd5 18.Re2 Rfe8 19.Rde1 e6 20.Qd2 Rec8 21.Bg5 Bh8 22.Kh1 a5
23.h4 Rc6 24.g3 f6 25.Bf4 Kf7 26.g4 Rg8 27.g5 Bg7 28.gxf6 Bxf6 29.Bg5 Bxg5
30.hxg5 Qc7 31.Re5 Re8 32.Qh2 Kf8 33.Qh6+ Kg8 34.Rxd5 Qg3 35.Rd7 Qxf3+ 36.Kh2  1/2-1/2

[Event "Open"]
[Site "Bad Wildbad GER"]
[Date "2000.04.01"]
[Round "1"]
[White "Lanka,Z"]
[Black "Balzer,L"]
[Result "1-0"]
[WhiteElo "2503"]
[BlackElo "2126"]

1.e4 g6 2.d4 Bg7 3.Nc3 c6 4.f4 d5 5.e5 h5 6.Be3 Nh6 7.Nf3 Bg4 8.h3 Bxf3 9.Qxf3 Nf5
10.Bf2 h4 11.Bd3 e6 12.O-O Nd7 13.Ne2 Qe7 14.b3 O-O-O 15.c4 Kb8 16.c5 f6
17.Bxf5 gxf5 18.b4 Ka8 19.Rfb1 fxe5 20.fxe5 Rhg8 21.b5 Nxe5 22.dxe5 Bxe5
23.Nd4 Bxd4 24.Bxd4 Rg3 25.Qf1 Rdg8 26.Rb2 Qg5 27.bxc6 f4 28.cxb7+ Kb8 29.Re1 Re3
30.Rxe3 fxe3 31.Qf7  1-0

[Event "AUT Staatsliga Qualifier"]
[Site "Linz AUT"]
[Date "2000.04.01"]
[Round "2"]
[White "Mahdy,T"]
[Black "Vokroj,R"]
[Result "1-0"]
[WhiteElo "2097"]
[BlackElo "2306"]

1.e4 g6 2.d4 Bg7 3.Nc3 c6 4.Nf3 d5 5.h3 dxe4 6.Nxe4 Nd7 7.Bc4 Ngf6 8.Nxf6+ Nxf6
9.O-O O-O 10.Bf4 Nd5 11.Bg3 b5 12.Bb3 a5 13.a3 Qb6 14.Re1 Ra7 15.Be5 Bh6
16.c3 Be6 17.Re4 f6 18.Bd6 exd6 19.Rxe6 Rd7 20.Qe1 Kh8 21.Bxd5 cxd5 22.Rxf6 Rxf6
23.Qe8+ Kg7 24.Qxd7+ Rf7 25.Qe6 b4 26.axb4 axb4 27.Ne5 Ra7 28.Rxa7+ Qxa7
29.Qxd6 Bf4 30.g4 b3 31.Qxd5 Qa1+ 32.Kg2 Bxe5 33.Qxe5+ Kh6 34.g5+ Kh5 35.Qf4  1-0

[Event "Open"]
[Site "Bad Wildbad GER"]
[Date "2000.04.02"]
[Round "2"]
[White "Koscielski,J"]
[Black "Emami,M"]
[Result "0-1"]
[WhiteElo "2330"]
[BlackElo "2154"]

1.e4 c6 2.d4 g6 3.Nc3 Bg7 4.Nf3 d6 5.Be2 Nd7 6.Bg5 b5 7.a3 Rb8 8.Qd2 a6 9.O-O Qc7
10.Rad1 Nb6 11.e5 Be6 12.b3 d5 13.Rfe1 Nd7 14.h3 h5 15.Bf4 Rc8 16.Ng5 Nf8
17.b4 Ra8 18.Na2 Qc8 19.Nc1 f6 20.exf6 exf6 21.Nxe6 Nxe6 22.Bd3 Kf7 23.Nb3 f5
24.Nc5 Nxc5 25.dxc5 Nf6 26.f3 Re8 27.Bd6 Qd7 28.Be5 Ng8 29.Bxg7 Kxg7 30.Qc3+ Nf6
31.Qd4 Rxe1+ 32.Rxe1 Re8 33.Rxe8 Qxe8 34.Kf2 Qb8 35.Qe3 Kh7 36.Qd4 Nd7 37.f4 Nf6
38.g3 Qe8  0-1

[Event "Open"]
[Site "Bad Wildbad GER"]
[Date "2000.04.02"]
[Round "3"]
[White "Joachim,S"]
[Black "Emami,M"]
[Result "1-0"]
[WhiteElo "2445"]
[BlackElo "2154"]

1.e4 c6 2.d4 g6 3.Nc3 Bg7 4.f4 d6 5.Nf3 Nh6 6.Be2 O-O 7.O-O Na6 8.Kh1 c5
9.Be3 b6 10.Qd2 Ng4 11.Bg1 Nc7 12.Rad1 Qe8 13.h3 Nf6 14.dxc5 dxc5 15.e5 Nh5
16.Bh2 Bh8 17.f5 Qc6 18.Ng5 Ba6 19.Bf3 Qe8 20.Rfe1 Rc8 21.Bxh5 gxh5 22.e6 fxe6
23.Bxc7 Rxc7 24.Nxe6  1-0

[Event "Open"]
[Site "Bad Wildbad GER"]
[Date "2000.04.03"]
[Round "4"]
[White "Vatter,H"]
[Black "Balzer,L"]
[Result "1-0"]
[WhiteElo "2362"]
[BlackElo "2126"]

1.e4 g6 2.d4 Bg7 3.Nc3 c6 4.Nf3 d6 5.h3 Nf6 6.Be3 O-O 7.Qd2 Nbd7 8.Bh6 e5
9.O-O-O Re8 10.Bxg7 Kxg7 11.h4 Qb6 12.h5 Nxh5 13.Rxh5 gxh5 14.Qg5+ Kf8 15.dxe5 dxe5
16.Qh6+ Ke7 17.Nxe5 Qc7 18.Qg5+ Kf8 19.Nxf7 Ne5 20.Nd6 Re6 21.Nf5 Re8 22.Qf6+ Qf7
23.Qd6+ Re7 24.Qh6+ Kg8 25.Rd8+ Re8 26.Rxe8+ Qxe8 27.Qg7+  1-0

[Event "Chalapathi GM"]
[Site "Guntur, AP IND"]
[Date "2000.04.05"]
[Round "3"]
[White "Sandipan,C"]
[Black "Saravanan,V"]
[Result "1-0"]
[WhiteElo "2424"]
[BlackElo "2412"]

1.e4 g6 2.d4 Bg7 3.Nc3 c6 4.Be3 d5 5.e5 f6 6.Nf3 Nd7 7.exf6 exf6 8.h4 Nb6
9.h5 Bg4 10.hxg6 hxg6 11.Rxh8 Bxh8 12.Bd3 Ne7 13.Qd2 Qd7 14.O-O-O O-O-O 15.Bf4 g5
16.Bh2 Bg7 17.Ne2 Bxf3 18.gxf3 Rh8 19.Bg3 f5 20.Be5 Bxe5 21.dxe5 c5 22.e6 Qe8
23.Nc3 c4 24.Bf1 Rh6 25.a4 Rxe6 26.a5 Na4 27.Nxd5 Nxd5 28.Qxd5 c3 29.b3 Nb2
30.Bb5  1-0

[Event "Chalapathi GM"]
[Site "Guntur, AP IND"]
[Date "2000.04.11"]
[Round "9"]
[White "Thipsay,P"]
[Black "Yurtaev,L"]
[Result "1-0"]
[WhiteElo "2475"]
[BlackElo "2536"]

1.e4 g6 2.d4 Bg7 3.Nc3 c6 4.Nf3 d5 5.h3 Nf6 6.Bd3 dxe4 7.Nxe4 Nxe4 8.Bxe4 O-O
9.O-O c5 10.c3 Nd7 11.Bg5 Nf6 12.Bc2 Qb6 13.Bb3 cxd4 14.Qxd4 Qxd4 15.Nxd4 h6
16.Bf4 Nh5 17.Be3 Bd7 18.a4 a6 19.Rad1 Rfd8 20.a5 g5 21.Nc2 Bb5 22.Bb6 Rxd1
23.Rxd1 Nf4 24.Ne3 e6 25.Bc4 Bc6 26.Bf1 Rc8 27.g3 Ng6 28.Nc4 Bf8 29.Nd6 Bxd6
30.Rxd6 Kf8 31.c4 Ne5 32.f4 Ng6 33.fxg5 hxg5 34.b4 Ke7 35.Bc5 Ke8 36.Bd4 Ke7
37.Bc5 Kf6 38.Bd4+ Kf5 39.Rxc6  1-0

[Event "Doeberl Cup"]
[Site "Canbarra AUS"]
[Date "2000.04.23"]
[Round "5"]
[White "Chapman,M AUS"]
[Black "Valenti,R"]
[Result "1-0"]
[WhiteElo "2320"]
[BlackElo "2161"]

1.e4 g6 2.d4 Bg7 3.Nc3 c6 4.Nf3 d5 5.Bf4 dxe4 6.Nxe4 Qa5+ 7.Bd2 Qd5 8.Bd3 Bf5
9.Qe2 Nf6 10.c4 Qd7 11.Ne5 Qc8 12.Ng5 Bxd3 13.Qxd3 O-O 14.O-O Qf5 15.Qb3 Nbd7
16.Qxb7 Rab8 17.Qc7 Rfc8 18.Qa5 Rxb2 19.Ngxf7 Ne4 20.Be3 Rf8 21.f3 Nd6 22.Nxd6 exd6
23.Qa3 Nxe5 24.Qxb2 Nxc4 25.Qc3 d5 26.Bf2 Bh6 27.Rad1 Bf4 28.g3 Bc7 29.Kg2 h5
30.Qd3 Qf6 31.Rc1 Kg7 32.Bg1 h4 33.f4 hxg3 34.hxg3 Rh8 35.Rce1 Nd6 36.Re2 Kf7
37.Rfe1 Ne4 38.Rxe4 dxe4 39.Qxe4 Rd8 40.Qd3 Rd5 41.Qc4 Qd6 42.Rc1 Qe6 43.Kf3 Bxf4
44.gxf4 Qh3+ 45.Ke2 Qg2+ 46.Bf2 Qe4+ 47.Be3  1-0

[Event "53rd ch-YUG (women)"]
[Site "Herceg Novi YUG"]
[Date "2000.04.23"]
[Round "13"]
[White "Stojanovic,Na"]
[Black "Chelushkina,I"]
[Result "0-1"]
[WhiteElo "2101"]
[BlackElo "2398"]

1.e4 g6 2.d4 Bg7 3.Nc3 c6 4.Be3 Qb6 5.Rb1 Nf6 6.e5 Nd5 7.Nxd5 cxd5 8.Qd2 d6
9.f4 Bf5 10.a3 Nc6 11.Bd3 e6 12.Bxf5 gxf5 13.Nf3 Na5 14.Qb4 Nc4 15.Qxb6 axb6
16.Ke2 Kd7 17.Bd2 f6 18.Bc3 Rhc8 19.Kd3 fxe5 20.dxe5 dxe5 21.Nxe5+ Nxe5+
22.fxe5 Rg8 23.g3 h5 24.Bd4 b5 25.Rhf1 Bf8 26.Rf4 Be7 27.Bf2 Bg5 28.Rb4 Kc6
29.Rf1 Be7 30.Rf4 Bg5 31.Rb4 Rh8 32.Rg1 Be7 33.Rf4 Rag8 34.Rf1 Rg4 35.Be1 Bd8
36.h3 Rg6 37.h4 Bc7 38.Kd4 Ra8 39.R1f3 Bb6+ 40.Kd3 Rg7 41.Ke2 Bc7 42.Bc3 Ra4
43.Rd4 Rg4 44.Rxg4 Rxg4 45.Kd3 Bb6 46.Kd2 Re4  0-1

[Event "ch-EST"]
[Site "Tallinn EST"]
[Date "2000.04.30"]
[Round "2"]
[White "Sergejev,R"]
[Black "Kiik,K"]
[Result "1/2-1/2"]
[WhiteElo "2377"]
[BlackElo "2445"]

1.e4 g6 2.d4 Bg7 3.Nc3 c6 4.Bc4 d6 5.Qf3 e6 6.Nge2 b5 7.Bb3 a5 8.a3 Ba6 9.Be3 Qe7
10.d5 cxd5 11.exd5 e5 12.g4 a4 13.Ba2 Nf6 14.g5 Nh5 15.Ng3 Nf4 16.Nge4 Nd7
17.Bxf4 exf4 18.Qxf4 Be5 19.Qe3 O-O 20.O-O-O f5 21.gxf6 Nxf6 22.Kb1 Rab8
23.Nc5 Bc8 24.Nd3 Ng4 25.Qe2 Bf5 26.f3  1/2-1/2

[Event "Open"]
[Site "Dubai UAE"]
[Date "2000.05.01"]
[Round "4"]
[White "Fouad,H"]
[Black "Othman,A"]
[Result "0-1"]
[WhiteElo "2151"]
[BlackElo "2315"]

1.e4 g6 2.d4 Bg7 3.Nc3 c6 4.f4 d5 5.e5 h5 6.Be3 Nh6 7.Qd2 Bf5 8.h3 Nd7 9.O-O-O b5
10.Nf3 Nb6 11.Rg1 e6 12.Nh2 h4 13.Qe1 Bf8 14.Nf3 Be7 15.Ng5 Ng8 16.Nf3 a5
17.Ne2 Nc4 18.Bf2 Bb4 19.c3 Be7 20.g4 Be4 21.Nd2 Nxd2 22.Qxd2 g5 23.Be3 Rb8
24.Bg2 Bh7 25.Rgf1 gxf4 26.Nxf4 b4 27.Nd3 Qb6 28.Nc5 Bxc5 29.dxc5 Qb5 30.Rf2 Qc4
31.b3 bxc3 32.Qe2 Qb4 33.Rd4 Qa3+ 34.Kd1 Rxb3 35.Bc1 Rb1 36.Qe3 c2+ 37.Ke2 Qxc1  0-1

[Event "Cat IV Women"]
[Site "Banja Dvorovi YUG"]
[Date "2000.05.06"]
[Round "1"]
[White "Jovanovic,San"]
[Black "Ionescu Brandis,I"]
[Result "1-0"]
[WhiteElo "2203"]
[BlackElo "2291"]

1.e4 g6 2.d4 Bg7 3.Nc3 c6 4.f4 d5 5.e5 Nh6 6.Be3 O-O 7.Nf3 f6 8.h3 b6 9.Qd2 fxe5
10.Nxe5 Nf7 11.O-O-O Nxe5 12.fxe5 Be6 13.h4 h5 14.Bd3 Qe8 15.Ne2 Bf5 16.Nf4 e6
17.g4 hxg4 18.h5 gxh5 19.Nxh5 Rf7 20.Bh6  1-0

[Event "Kastav"]
[Site "Opatija CRO"]
[Date "2000.05.08"]
[Round "4"]
[White "Lakos,N"]
[Black "Nurkic,S"]
[Result "0-1"]
[WhiteElo "2316"]
[BlackElo "2418"]

1.e4 g6 2.d4 Bg7 3.Nc3 c6 4.Bc4 d5 5.exd5 b5 6.Bb3 b4 7.Nce2 cxd5 8.Bd2 a5
9.a3 bxa3 10.Rxa3 Nf6 11.Qa1 Nc6 12.Ba4 Bd7 13.Nf3 O-O 14.Bxc6 Bxc6 15.Bxa5 Qc8
16.O-O Bb5 17.Qd1 Qb7 18.c3 Ne4 19.Bb4 Rxa3 20.Bxa3 Ra8 21.Re1 e6 22.Qc1 Bc4
23.Ng3 Bb5 24.h4 Qc7 25.Nxe4 dxe4 26.Ng5 Bd3 27.Nxe4 Bxd4 28.Qd2 Bxe4 29.Qxd4 Bb7
30.h5 Qc6 31.f3 Qd5 32.Qxd5 Bxd5 33.hxg6 hxg6 34.Kf2 Kg7 35.Rc1 Rc8 36.Ke3 Kf6
37.b4 e5 38.b5 Ke6 39.Kd2 f5 40.Re1 Ra8 41.Ra1 f4 42.b6 Ra6 43.c4 Bxc4 44.Rb1 Bd5
45.Bc5 Ra2+ 46.Ke1 Bb7 47.Bf2 g5 48.Rb3 Rc2 49.g3 Kd6 50.gxf4 gxf4 51.Kf1 Ke6
52.Kg2 Kf5 53.Kg1 Rc1+ 54.Kg2 e4 55.Rb5+ Kg6 56.fxe4 Bxe4+ 57.Kh3 Bf3 58.Bg3 Rh1+
59.Bh2 Bb7 60.Rb2 Kf5 61.Rb5+ Ke6 62.Rb2 f3 63.Kg3 Rc1 64.Kf2 Kf5 65.Bg3 Rc4
66.Ke3 Ke6 67.Kf2 Rc3 68.Bf4 Kf5 69.Bg3 Ke4 70.Rb4+ Kd3 71.Rb2 Rc5 72.Rb3+ Ke4
73.Rb4+ Kf5 74.Rb2 Rc3 75.Rb4 Rc2+ 76.Kf1 Ba6+ 77.Ke1 Re2+ 78.Kd1 Bb7 79.Be1 Rg2
80.Rb5+ Kg4 81.Rb4+ Kg5 82.Bh4+ Kh5 83.Be1 f2 84.Bxf2 Rxf2 85.Kc1 Kg6 86.Rb2 Rf5
87.Kd2 Kf6 88.Ke3 Ke6 89.Kd4 Kd6 90.Rh2 Rf4+ 91.Ke3 Rb4 92.Rh6+ Kc5 93.Kd3 Bc6
94.Kc3 Rxb6 95.Kd2 Rb3 96.Ke2 Be4 97.Kf2 Kd4 98.Rh8 Rf3+ 99.Ke2 Rg3 100.Rd8+ Bd5  0-1

[Event "New York Open"]
[Site "New York USA"]
[Date "2000.05.10"]
[Round "8"]
[White "Schneider,D"]
[Black "Annakov,B"]
[Result "1-0"]
[WhiteElo "2329"]
[BlackElo "2600"]

1.e4 g6 2.d4 c6 3.Nc3 Bg7 4.Nf3 d5 5.h3 Nh6 6.Bf4 f6 7.exd5 cxd5 8.Nb5 O-O
9.c4 Na6 10.cxd5 Qxd5 11.Rc1 Be6 12.Nc3 Qa5 13.Qd2 Nf7 14.d5 Bd7 15.Nd4 Rac8
16.Bb5 Rfd8 17.Bxd7 Rxd7 18.O-O Nc5 19.Qe3 f5 20.Ne6 Bf6 21.Rfe1 b6 22.d6 Bxc3
23.Rxc3 exd6 24.Qd4 Ne5 25.Qd5 Nf7 26.Ng5 Qb4 27.Nxf7 Rxf7 28.Re7 Rf8 29.Bh6  1-0

[Event "Kastav"]
[Site "Opatija CRO"]
[Date "2000.05.10"]
[Round "6"]
[White "Salami,M"]
[Black "Jovanic,O"]
[Result "1/2-1/2"]
[WhiteElo "2217"]
[BlackElo "2332"]

1.e4 g6 2.d4 Bg7 3.Nc3 c6 4.Bc4 d6 5.Qf3 e6 6.Bf4 Qc7 7.O-O-O f6 8.Qg3 e5
9.dxe5 dxe5 10.Be3 Nd7 11.Nge2 Nh6 12.Kb1 Nf7 13.h4 b5 14.Bb3 a5 15.h5 g5
16.Be6 h6 17.Qg4 Nf8 18.Bxc8 Qxc8 19.Qxc8+ Rxc8 20.Ng3 Ne6 21.Nf5 Bf8 22.Rd2 a4
23.Ne2 Rd8 24.Rxd8+ Nfxd8 25.c3 Rh7 26.Kc2 Rb7 27.b3 Nf7 28.g4 Kd7 29.Rb1 Ned8
30.f3 Kc7 31.Rd1 Rb8 32.Rb1 Ra8 33.Kb2 Nb7 34.b4 Nbd6 35.Nxd6 Nxd6 36.Kc2 Nc4
37.Bc1 c5 38.Ng3 Rc8 39.bxc5 Kc6 40.Nf5 Rd8 41.Ne3 Bxc5 42.Nf5 Rh8 43.Kd3 Rh7
44.Kc2 Bf8 45.Kd3 Rd7+ 46.Kc2 Kb6 47.Be3+ Ka5 48.Bc1 Rd8 49.Ne3 Nxe3+ 50.Bxe3 Be7
51.Bf2 Rd7 52.Rd1 Rxd1 53.Kxd1 b4 54.cxb4+ Kxb4 55.Kc2 Bc5  1/2-1/2